Digital Signal Processing for Measurement Systems: Theory and Applications (Record no. 8141)

000 -LEADER
fixed length control field 01115 a2200289 4500
020 ## - INTERNATIONAL STANDARD BOOK NUMBER
International Standard Book Number 0387249664
040 ## - CATALOGING SOURCE
Original cataloging agency DLC
Language of cataloging DLC
082 ## - DEWEY DECIMAL CLASSIFICATION NUMBER
Classification number 621.382
100 1# - MAIN ENTRY--PERSONAL NAME
Personal name DAntona, Gabriele.
245 10 - TITLE STATEMENT
Title Digital Signal Processing for Measurement Systems: Theory and Applications
Remainder of title Theory and Applications
Statement of responsibility, etc. by Gabriele DAntona, Alessandro Ferrero.
260 ## - PUBLICATION, DISTRIBUTION, ETC.
Place of publication, distribution, etc. Boston, MA :
Name of publisher, distributor, etc. Springer Science+Business Media, Inc.,
Date of publication, distribution, etc. 2006.
300 ## - PHYSICAL DESCRIPTION
Other physical details v.: digital
440 #0 - SERIES STATEMENT/ADDED ENTRY--TITLE
Title Information Technology: Transmission, Processing and Storage
650 #0 - SUBJECT ADDED ENTRY--TOPICAL TERM
Topical term or geographic name entry element Engineering
650 #0 - SUBJECT ADDED ENTRY--TOPICAL TERM
Topical term or geographic name entry element Mathematics
650 #0 - SUBJECT ADDED ENTRY--TOPICAL TERM
Topical term or geographic name entry element Weights and measures
650 #0 - SUBJECT ADDED ENTRY--TOPICAL TERM
Topical term or geographic name entry element Engineering
650 #0 - SUBJECT ADDED ENTRY--TOPICAL TERM
Topical term or geographic name entry element Applications of Mathematics
650 #0 - SUBJECT ADDED ENTRY--TOPICAL TERM
Topical term or geographic name entry element Measure and Integration
650 #0 - SUBJECT ADDED ENTRY--TOPICAL TERM
Topical term or geographic name entry element Measurement Science, Instrumentation
650 #0 - SUBJECT ADDED ENTRY--TOPICAL TERM
Topical term or geographic name entry element Signal, Image and Speech Processing
700 1# - ADDED ENTRY--PERSONAL NAME
Personal name Ferrero, Alessandro.
710 2# - ADDED ENTRY--CORPORATE NAME
Corporate name or jurisdiction name as entry element SpringerLink (Online service)
856 40 - ELECTRONIC LOCATION AND ACCESS
Uniform Resource Identifier <a href="http://www.lub.lu.se/cgi-bin/ipchk/http://dx.doi.org/10.1007/0-387-28666-7">http://www.lub.lu.se/cgi-bin/ipchk/http://dx.doi.org/10.1007/0-387-28666-7</a>
856 40 - ELECTRONIC LOCATION AND ACCESS
Uniform Resource Identifier <a href="http://ezproxy.its.uu.se/login?url=http://dx.doi.org/10.1007/0-387-28666-7">http://ezproxy.its.uu.se/login?url=http://dx.doi.org/10.1007/0-387-28666-7</a>
942 ## - ADDED ENTRY ELEMENTS (KOHA)
Koha item type Book
Call number prefix 621.382 DAN
Source of classification or shelving scheme
Holdings
Withdrawn status Lost status Damaged status Not for loan Collection code Permanent Location Current Location Shelving location Date acquired Source of acquisition Cost, normal purchase price Total Checkouts Full call number Barcode Date last seen Price effective from Koha item type
          Central Library (CL) Central Library (CL) General Stacks 04/25/2006 A&J DEF Tek Consultant 6288.93   621.382 DAN SEECS007267 11/14/2012 01/05/2017 Book
© 2023 Central Library, National University of Sciences and Technology. All Rights Reserved.